Tous les participants de One Season - Statistiques

Statistiques générales
  • Ce quiz a été pris 37 fois
    5 depuis la dernière actualisation
  • Le résultat moyen est 96 sur 110
Statistiques - réponses
Saison Joueur % Correct
Saison 7 0ri0n03
100%
Saison 9 Abraxxan
100%
Saison 5 AdraiK
100%
Saison 2 Akariaa
100%
Saison 9 Akwaden
100%
Saison 1 Aleksouth
100%
Saison 9 Axaltau
100%
Saison 1 Banane
100%
Saison 9 BaSsilA
100%
Saison 8 BerenGaldos
100%
Saison 2 Bomby
100%
Saison 1 Calaa
100%
Saison 2 Canfav
100%
Saison 8 Carbonara
100%
Saison 3 ComteL
100%
Saison 6 Dark_Ail
100%
Saison 1 DarkGiant
100%
Saison 3 Degre
100%
Saison 3 Druillat
100%
Saison 7 Edenman
100%
Saison 9 EhFiredo
100%
Saison 1 EvoRay
100%
Saison 8 Falmo
100%
Saison 9 Fhara
100%
Saison 9 Flouzemaker
100%
Saison 1 FunkyFlame
100%
Saison 2 Gagab03
100%
Saison 6 Gamur
100%
Saison 1 GoldVision98
100%
Saison 4 iGuyot
100%
Saison 6 Jbebou
100%
Saison 1 Judipie
100%
Saison 9 JulDragonne
100%
Saison 7 Kataros
100%
Saison 2 Keke
100%
Saison 1 Kenjai
100%
Saison 4 Kokodricau
100%
Saison 1 Lidail
100%
Saison 7 LinkStart
100%
Saison 1 Lombosa
100%
Saison 9 Luxsmo
100%
Saison 9 LykosMC
100%
Saison 2 Marcouscous
100%
Saison 1 Maxator34
100%
Saison 3 Mrfox4
100%
Saison 9 MrGougi
100%
Saison 1 Nanouchette
100%
Saison 3 Nivekmntls
100%
Saison 9 NoEducation
100%
Saison 2 Noereau
100%
Saison 3 Omeega
100%
Saison 9 OompaLoompa
100%
Saison 1 Oraclette
100%
Saison 2 Osifou
100%
Saison 2 Paulo
100%
Saison 7 Pigre
100%
Saison 1 Pocky
100%
Saison 1 Pouka
100%
Saison 1 Ragiel
100%
Saison 1 Redemoles
100%
Saison 3 Rodakk1
100%
Saison 7 RoXxeeer
100%
Saison 6 Sagnosis
100%
Saison 1 Sapyx
100%
Saison 5 scartvol
100%
Saison 2 Shazin
100%
Saison 9 Shintaro
100%
Saison 6 Sili
100%
Saison 9 Sk0rmy
100%
Saison 6 Taiimana
100%
Saison 1 TheAlphaX
100%
Saison 1 TheHernest
100%
Saison 9 TheRedMan88
100%
Saison 5 Thibosurf
100%
Saison 7 Timocafé
100%
Saison 7 TitBiscuit
100%
Saison 2 Tnt79
100%
Saison 9 Toopinette
100%
Saison 2 Totay
100%
Saison 9 TreeKoZ
100%
Saison 7 Typholz
100%
Saison 1 Utaa
100%
Saison 1 Viken78
100%
Saison 1 Walda666
100%
Saison 4 Weer94
100%
Saison 1 Xonome
100%
Saison 1 Yuri
100%
Saison 3 Bafalo
50%
Saison 4 Brodator
50%
Saison 6 Cozotidg
50%
Saison 9 Ender_Oo
50%
Saison 2 Erwan
50%
Saison 9 Faeten
50%
Saison 6 Maxow
50%
Saison 6 Naxhin
50%
Saison 2 Norayaa
50%
Saison 9 Notitou
50%
Saison 2 Rizio
50%
Saison 3 ShoupZ
50%
Saison 3 Skylaa
50%
Saison 8 Srangee
50%
Saison 9 Stoupy51
50%
Saison 4 UltimateZero
50%
Saison 2 Vulkaa
50%
Saison 7 Eca
0%
Saison 7 Hiruko_Senpai
0%
Saison 9 Islijelis
0%
Saison 9 JC
0%
Saison 9 Nintasma
0%
Saison 9 Thimotaaaay
0%
Aucun quiz correspondant
Distribution des résultats
% des personnes avec chaque résultat
Percentile par nombre de réponses
Votre historique - résultats
Vous n’avez pas pris ce quiz depuis la dernière actualisation